Les surnoms des clubs de football #2 - Statistiques

Statistiques générales
  • Ce quiz a été pris 225 fois
  • Le résultat moyen est 5 sur 10
Statistiques - réponses
Hint Réponse % Correct
Liverpool The Reds
92%
Arsenal The Gunners
90%
AS Saint-Étienne Les Verts
89%
Tottenham Spurs
79%
Atlético Madrid Los Colchoneros
70%
RC Lens Les Sang et Or
64%
Inter Milan Les Nerazzurri
42%
Everton The Toffees
18%
Lazio Rome Les Biancocelesti
3%
Schalke 04 Die Königsblauen
2%
Aucun quiz correspondant
Distribution des résultats
% des personnes avec chaque résultat
Percentile par nombre de réponses
Votre historique - résultats
Vous n’avez pas pris ce quiz